000 00422nam a22001697a 4500
005 20230914110420.0
008 221219b |||||||| |||| 00| 0 eng d
020 _a978819-55-604-1-7
041 _aeng
082 _a628.1-ROY-W
100 _aROY ,N.K
_98185
245 _aWATER RESOURCES ENGINERING
260 _aNEW DELHI
_bNEW AGE INTERNATIONAL
300 _a222;P.
650 _aAgriculture
_98186
942 _cBK
999 _c8120
_d8118